| 000 | 01230nam a22003137a 4500 | ||
|---|---|---|---|
| 001 | BR8701876 | ||
| 003 | BR-BrBNA | ||
| 005 | 20230928092436.0 | ||
| 007 | ta | ||
| 008 | 230509b bl.||||| |||| 00| 0 por d | ||
| 040 |
_aBR-BrBNA _bpor _cBiblioteca Nacional de Agricultura |
||
| 041 | _a(Por) | ||
| 072 |
_aF61; F62 _b1410 _b3820 |
||
| 090 | _ 1410 BR8701876 | ||
| 100 | 1 | _aCosta, R.C.L. | |
| 110 | 1 |
_aUniversidade Federal de Vicosa, MG (Brasil) _0Tese (Magister Scientiae) |
|
| 245 | 1 | _aEfeito de niveis de agua e de doses de nitrogenio sobre o crescimento, morfologia, particao de assimilados e troca de CO2 em Phaseolus vulgaris L. [feijao, gas carbonico] | |
| 246 | 1 | _a[Effect of water levels and nitrogen doses on the growth, morphology, partition of assimilates and change of CO2 in Phaseolus vulgaris L.] | |
| 260 | 3 |
_aVicosa, MG (Brasil): _c1986. |
|
| 300 | _a90 p. | ||
| 500 | _a25 illus.; Bibliography p. 74-83 (118 ref.); Summary (Por). (*) Documento disponível na(o) Universidade Federal de Vicosa, MG (Brazil) | ||
| 650 | _aFEIJAO | ||
| 650 | _aNITROGENIO | ||
| 650 | _aBALANCO HIDRICO | ||
| 650 | _aCRESCIMENTO | ||
| 650 | _aGAS CARBONICO | ||
| 909 |
_a202309 _bLucia _c55 _dLucia Elande |
||
| 942 | _cBK | ||
| 999 |
_c39083 _d39083 |
||